Příčiny problémů boje s korupcí ve střední a východní Evropě z pohledu teorie redistribučních systémů: Proti čemu a jak bojovat?
Vytvorenie korupčného analytického rámca vychádzajúceho z teórie redistribučných systémov, ktorý vysetľuje príčiny problému boja s korupciou zaznamenaných v postransformačných ekonomikách strednej a východnej Európy zastúpených príkladmi Českej a Slovenskej republiky.
Saved in:
| Main Author: | |
|---|---|
| Other Authors: | |
| Format: | Book Chapter |
| Language: | Czech |
| Subjects: | |
| Tags: |
No Tags, Be the first to tag this record!
|
MARC
| LEADER | 00000naa a2200000 4500 | ||
|---|---|---|---|
| 001 | 0200309 | ||
| 005 | 20220713131245.9 | ||
| 041 | 0 | |a cze | |
| 044 | |a CZ | ||
| 245 | 1 | 0 | |a Příčiny problémů boje s korupcí ve střední a východní Evropě z pohledu teorie redistribučních systémů: Proti čemu a jak bojovat? |c Radim Valenčík, Tomáš Otáhal |
| 520 | |a Vytvorenie korupčného analytického rámca vychádzajúceho z teórie redistribučných systémov, ktorý vysetľuje príčiny problému boja s korupciou zaznamenaných v postransformačných ekonomikách strednej a východnej Európy zastúpených príkladmi Českej a Slovenskej republiky. | ||
| 610 | 2 | 0 | |a korupcia |
| 610 | 2 | 0 | |a Česko |
| 610 | 2 | 0 | |a Slovensko |
| 610 | 2 | 0 | |a stredná Európa |
| 610 | 2 | 0 | |a východná Európa |
| 610 | 2 | 0 | |a makroekonomika |
| 100 | 1 | |a Valenčík, Radim | |
| 700 | 1 | |a Otáhal, Tomáš | |